00354nam a2200157Ia 4500008004100000041000800041100001200049245003200061250000800093260003100101300000900132520001200141520001500153650000900168999001900177230605s1991 xx 000 0 und d aeng aAndrews aHotel House-Keeping Mannual a7th bTata Mc.Grawhill Co.c1991 a136p aGeneral aHard Board aH.K. c419837d419837